|
|
|
|
| LEADER |
00000nab a2200000 a 4500 |
| 001 |
vtls008962949 |
| 003 |
SK-MaSNL |
| 005 |
20260304013613.0 |
| 008 |
131118c2007 xo mr|p|||||||000 b|slo |
| 015 |
|
|
|a SNBRB2007/04
|2 snkbucl
|
| 038 |
|
|
|a SNKBUCL
|
| 040 |
|
|
|a SNKBUCL
|b slo
|c SNKBUCL
|e AACR2
|
| 041 |
1 |
|
|a slo
|h hrv
|
| 044 |
|
|
|a xo
|c SK
|
| 080 |
|
|
|a 821.163.42-1
|2 2001
|
| 100 |
1 |
|
|a Prtenjača, Ivica
|d 1969-
|4 aut
|9 1294754
|
| 245 |
1 |
0 |
|a [Básne]
|c Krešimir Bagić ; preložil Karol Chmel
|
| 500 |
|
|
|a Blok obsahuje 7 básní
|
| 650 |
0 |
7 |
|a chorvátska poézia
|2 snkbucl
|9 82748
|
| 740 |
0 |
2 |
|a Čistenie pivnice
|
| 740 |
0 |
2 |
|a Dáždnik
|
| 740 |
0 |
2 |
|a Anténa
|
| 740 |
0 |
2 |
|a Susedia
|
| 740 |
0 |
2 |
|a Prechádzka
|
| 740 |
0 |
2 |
|a Dunajské vlny
|
| 740 |
0 |
2 |
|a Piatok, rádio
|
| 773 |
0 |
|
|t Romboid+. Quorum v Romboide+
|g Roč. XLI/XLII, (2006/2007), s. 53-59
|x 0231-6714
|
| 852 |
|
|
|a SNK
|b KIS3GCP
|
| 958 |
|
|
|a LX
|
| 958 |
|
|
|a HR
|
| 999 |
|
|
|c 2576721
|d 2578651
|